00638cam a22002171 4500001001300000003000400013005001700017008004100034010001700075035001900092040004500111042001200156050001600168082001400184100002600198245007200224260005400296300002600350650002700376999001700403med47000777 DLC20260227111600.0761204s1946 xx 000 0 eng c amed47000777  a(OCoLC)2595079 aU.S. Army medical librarycOdOCoLCdDLC apremarc00aRC310b.M33 a616.246091 aMcCall, Marie,d1909-14aThe long adventure;bchapters in the story of tuberculosis control. a[New York?]bNational Tuberculosis Assn.,cc1946. a31 p.billus.c23 cm. 0aTuberculosisxHistory. c38175d38175